000 00506nab a2200145Ia 4500
003 ES-SlBCS
005 20210601125514.0
008 140529s1998 xxu||||| |||| 00| 0 eng d
041 _aeng
100 1 _aEngerman, Stanley J.
_9159475
245 0 0 _aBritish Imperialism in a Mercantilist Age, 1492-1849: Conceptual Issues and Empirical Problems
_c Stanley J. Engerman
650 0 4 _aImperialismo
_994444
773 0 _tRevista de Historia Economica
_gvol. 16, nº. 1, 1998, págs. 195-231
_wRev701
942 _cAR
999 _c531389
_d531389